Statistiken für Fußballlogos Teil 2

Klicken Sie hier um das Quiz zu spielen!

Allgemein

  • Dieses Quiz wurde 103 mal gespielt
  • Das Durchschnittsergebnis liegt bei 13 aus 16

Antwortstatistiken

Antwort% Korrekt
Hannover 96
97%
1. FC Nürnberg
93%
Eintracht Frankfurt
92%
Werder Bremen
92%
1. FC Heidenheim
91%
Fortuna Düsseldorf
89%
Alemannia Aachen
82%
Wehen Wiesbaden
82%
Karlsruher SC
81%
VfL Osnabrück
79%
MSV Duisburg
78%
SV Elversberg
78%
SC Verl
74%
Hallescher FC
71%
Würzburger Kickers
64%
Chemie Leipzig
57%

Verteilung der Resultate

Perzentil nach korrekt beantworteten Fragen

Anzahl Personen mit jedem Resultat

Ihre Resultats-Entwicklung

Sie haben dieses Quiz noch nicht gespielt